Estadísticas para Prueba de Panamá

Haz click aquí para tomar la prueba!

Estadísticas generales

  • Esta prueba ha sido tomada 1.065 veces
  • La puntuación promedio es 8 de 14

Estadísticas de respuestas

PistaRespuesta% Correcto
¿Cuál es el idioma oficial de Panamá?Español
100%
¿Con qué dos países limita Panamá?Colombia
99%
¿Con qué dos países limita Panamá?Costa Rica
98%
¿Qué construyó Estados Unidos en Panamá entre 1904 y 1914?Canal
87%
¿Cuál es el deporte nacional de Panamá?Béisbol
75%
Nombra uno de los cuatro países que tiene más rascacielos per cápita que Panamá.Mónaco | Emiratos Árabes
Unidos | Singapur | Catar
73%
¿Qué famoso escándalo, revelado en 2015, involucró a una firma de abogados
panameña que ayudó a miles de clientes ricos a esconder su dinero?
{Papeles} de Panamá
53%
¿Cuál es la palabra para una estrecha franja
de tierra que conecta dos grandes masas de tierra?
Istmo
49%
¿Qué país intentó, pero fracasó, en construir lo mismo a finales del siglo XIX?Francia
46%
¿Qué región boscosa no tiene carreteras, lo que
hace imposible conducir entre América del Norte y del Sur?
Darién
35%
¿Qué explorador español descubrió la costa
del Pacífico de las Américas, y es hoy en día el nombre de la moneda de Panamá?
Vasco Núñez
de Balboa
35%
¿Qué dictador fue depuesto por los Estados Unidos en 1989?Manuel Antonio Noriega
33%
¿Qué parte de su gobierno abolió Panamá en 1990?Militar
29%
¿Qué pirata galés saqueó la Ciudad de Panamá en 1671,
y es hoy en día el tocayo de una famosa marca de ron?
Henry Morgan
28%

Distribución de puntuación

Porcentaje por número respondido

Porcentaje de gente con cada puntuación

Historial de tus puntuaciones

No has tomado esta prueba